000
00356 a2200169 4500
001
175256
020
_a
85-08-08922-8
040
_c
Magnum
100
_a
Vesentini, José William
240
1
0
_a
Sociedade e espaço
_l
por
245
1
0
_a
Sociedade e espaço
300
_a
384
362
0
_a
2003
440
1
_a
Ática
697
_a
GEOGRAFIA
942
_c
BK
999
_c
175256
_d
175256